នាងកុលធីតា : (Record no. 9142)
[ view plain ]
| 000 -LEADER | |
|---|---|
| fixed length control field | 02838nam a22003017a 4500 |
| 001 - CONTROL NUMBER | |
| control field | 9142 |
| 003 - CONTROL NUMBER IDENTIFIER | |
| control field | FISKH |
| 005 - DATE AND TIME OF LATEST TRANSACTION | |
| control field | 20251125115202.0 |
| 008 - FIXED-LENGTH DATA ELEMENTS--GENERAL INFORMATION | |
| fixed length control field | 251125b cb ||||| |||| 00| 0 eng d |
| 020 ## - INTERNATIONAL STANDARD BOOK NUMBER | |
| International Standard Book Number | 9789995001018 |
| 040 ## - CATALOGING SOURCE | |
| Original cataloging agency | FISKH |
| Language of cataloging | khr |
| Transcribing agency | FISKH |
| Modifying agency | FISKH |
| 082 ## - DEWEY DECIMAL CLASSIFICATION NUMBER | |
| Classification number | 398.209596 |
| 100 ## - MAIN ENTRY--PERSONAL NAME | |
| Personal name | Sotheary, Kimsun |
| 245 ## - TITLE STATEMENT | |
| Title | នាងកុលធីតា : |
| Remainder of title | Kol Thida / |
| Statement of responsibility, etc. | រៀបរៀងដោយ អ្នកស្រី គឹមស៊ុន សុធារី , ត្រួតពិនិត្យអក្ខរាវិរុទ្ធ អ្នកនាង វ៉ាត ចរិយា , កញ្ញា វុិច វឌ្ឍនា និង កញ្ញា ហម លីមឆេង |
| 260 ## - PUBLICATION, DISTRIBUTION, ETC. | |
| Place of publication, distribution, etc. | ភ្នំពេញ : |
| Name of publisher, distributor, etc. | Reading Books , |
| Date of publication, distribution, etc. | 2010. |
| 300 ## - PHYSICAL DESCRIPTION | |
| Extent | 20 pages : |
| Other physical details | color illustrations ; |
| Dimensions | 25 cm . |
| 490 ## - SERIES STATEMENT | |
| Series statement | ពិភពរឿងនិទាន |
| 505 ## - FORMATTED CONTENTS NOTE | |
| Formatted contents note | J <br/> |
| 520 ## - SUMMARY, ETC. | |
| Summary, etc. | កាលដើមឡើយមានកុដុម្ពិក:ម្នាក់ជាអ្នកមានស្តុកស្តម ប៉ុន្តែពួកគេគ្មានកូនទេ ។ ស្រ្តីជាភរិយាក៏ទៅដណ្តឹងប្រពន្ធអោយប្តី ។ ក្រោយប្រពន្ធចុងមានផ្ទៃពោះប្រពន្ធដើមក៏ដាក់ថ្នាំពុលស្លាប់ទាំងម្តាយទាំងកូន ។ លុះដល់ពួកគេស្លាប់រៀងៗខ្លួនគេក៏តាមផ្តន្ទាគ្នាគ្រប់ៗជាតិ ។ ជាតិបន្ទាប់ម្នាក់កើតជាមនុស្សឈ្មោះកុលធីតា ម្នាក់កើតជាយក្ខណី ។ ព្រះសង្ឃក៏សម្រុះសម្រួលអោយពួកនាងទាំងពីររាប់អានគ្នាជាបងប្អូន ។ |
| 520 ## - SUMMARY, ETC. | |
| Summary, etc. | Long ago, there was a wealthy couple, but they had no children. The wife persuaded her husband to take a second wife. When the second wife became pregnant, the first wife poisoned her, causing both the mother and the unborn child to die. After their deaths, they continued to harm one another throughout each of their reincarnations. In a later life, one was reborn as a human named Koltida, and the other was reborn as a female ogress. A monk eventually reconciled the two of them, urging them to treat each other as sisters. |
| 521 8# - TARGET AUDIENCE NOTE | |
| Target audience note | 500 <br/> |
| Source | Lexile estimate <br/> |
| 521 8# - TARGET AUDIENCE NOTE | |
| Target audience note | J <br/> |
| Source | Raz-Plus <br/> |
| 650 ## - SUBJECT ADDED ENTRY--TOPICAL TERM | |
| Topical term or geographic name entry element | នាងកុលធីតា |
| Form subdivision | រឿងនិទានកុមារ |
| 650 ## - SUBJECT ADDED ENTRY--TOPICAL TERM | |
| Topical term or geographic name entry element | Kol Thida |
| Form subdivision | Children's Stories |
| 700 ## - ADDED ENTRY--PERSONAL NAME | |
| Personal name | San, Thai |
| Relator term | Illustrator |
| 942 ## - ADDED ENTRY ELEMENTS (KOHA) | |
| Source of classification or shelving scheme | Dewey Decimal Classification |
| Koha item type | Khmer Books |
| Suppress in OPAC | No |
| Withdrawn status | Lost status | Source of classification or shelving scheme | Damaged status | Not for loan | Collection | Home library | Current library | Shelving location | Date acquired | Total Checkouts | Full call number | Barcode | Date last seen | Price effective from | Koha item type |
|---|---|---|---|---|---|---|---|---|---|---|---|---|---|---|---|
| Dewey Decimal Classification | Khmer-English Bilingual / ភាសាខ្មែរ-អង់គ្លេស | Footprints International School Library Network Toul Tom Poung Campus | Footprints International School Library Network Toul Tom Poung Campus | TTP Primary Khmer Bookshelves | 11/25/2025 | SOT 398.209596 | FIS04138 | 11/25/2025 | 11/25/2025 | Khmer Books |
